| 000 | 01336nac a22003371u 4500 | ||
|---|---|---|---|
| 008 | 130407b xxu||||| |||| 00| 0 eng d | ||
| 010 | _a 2006019572 | ||
| 020 | _a0131944045 | ||
| 020 | _a9780131944046 | ||
| 020 | _a0132241420 | ||
| 020 | _a9780132241427 | ||
| 035 | _a(OCoLC)ocm70122541 | ||
| 035 | _a(OCoLC)70122541 | ||
| 082 | 0 | 0 |
_a747 _bABE |
| 100 |
_aAbercrombie, Stanley _933043 |
||
| 245 | 1 | 0 |
_aInterior Design & Decoration / _cStanley Abercrombie, Sherrill Whiton. |
| 246 | 3 | _aInterior design and decoration | |
| 250 | _a6th ed. | ||
| 260 |
_aUpper Saddle River, N.J. : _bPearson Prentice Hall, _cc2007. |
||
| 300 |
_axxi, 697 p. : _bill. (chiefly col.), col. maps ; _c29 cm. |
||
| 500 | _aRev. ed. of: Interior design & decoration / Sherrill Whiton, Stanley Abercrombie. c2002. | ||
| 500 | _aDistributer: Bacca | ||
| 504 | _aIncludes bibliographical references and index. | ||
| 511 | _aCatalogued by: Sara | ||
| 650 | 0 |
_aInterior decoration. _933044 |
|
| 650 | 0 |
_aDecoration and ornament. _933045 |
|
| 700 | 1 |
_aWhiton, Augustus Sherrill, _d1887-1961. _933046 |
|
| 856 | 4 | 1 |
_3Table of contents only _uhttp://www.loc.gov/catdir/toc/ecip0615/2006019572.html |
| 856 | 4 | 1 |
_3Contributor biographical information _uhttp://www.loc.gov/catdir/enhancements/fy0721/2006019572-b.html |
| 942 |
_cBB _k747ABE _2ddc |
||
| 999 |
_c8932 _d8932 |
||